Welcome to CU Library Online Public Access Catalogue (OPAC)

Essentials of management,s manual (Record no. 2597)

MARC details
000 -LEADER
fixed length control field 00378nam a22001577a 4500
005 - DATE AND TIME OF LATEST TRANSACTION
control field 20250116172925.0
008 - FIXED-LENGTH DATA ELEMENTS--GENERAL INFORMATION
fixed length control field 250116b |||||||| |||| 00| 0 eng d
020 ## - INTERNATIONAL STANDARD BOOK NUMBER
International Standard Book Number 9780751304008
050 ## - LIBRARY OF CONGRESS CALL NUMBER
Classification number HD 31 HEL
Item number 1
100 ## - MAIN ENTRY--PERSONAL NAME
Personal name Heller, Robert
245 ## - TITLE STATEMENT
Title Essentials of management,s manual
300 ## - PHYSICAL DESCRIPTION
Extent 864p,
500 ## - GENERAL NOTE
General note pic,index
700 ## - ADDED ENTRY--PERSONAL NAME
Personal name Hindle, Tim
942 ## - ADDED ENTRY ELEMENTS (KOHA)
Source of classification or shelving scheme Library of Congress Classification
Koha item type Books
Suppress in OPAC No
999 ## -
-- 2597
-- 2597
Holdings
Withdrawn status Lost status Source of classification or shelving scheme Damaged status Not for loan Collection Home library Current library Shelving location Date acquired Total checkouts Full call number Barcode Date last seen Copy number Price effective from Koha item type
    Library of Congress Classification     Non-fiction Graduate Library (Christ Temple) Graduate Library (Christ Temple) General stacks 01/16/2025   HD 31 HEL 9780751304008 01/16/2025 1 01/16/2025 Books
    Library of Congress Classification     Non-fiction Graduate Library (Christ Temple) Graduate Library (Christ Temple) General stacks 01/16/2025   HD 31 HEL 9780751304009 01/16/2025 2 01/16/2025 Books
    Library of Congress Classification     Non-fiction Graduate Library (Christ Temple) Graduate Library (Christ Temple) General stacks 01/16/2025   HD 31 HEL 9780751304010 01/16/2025 3 01/16/2025 Books
    Library of Congress Classification     Reference Law Library (Christ Temple) Law Library (Christ Temple) Reference 07/30/2025   HD31 HEL LLCT00000952 07/30/2025 1 07/30/2025 Books
© 2023-2024 Copyright: Central University Libraries. All Rights Reserved | Created by: Mahone Tech Office